00821 a2200181 450000100040000000500170000400800410002100300150006204000400007708000350011724500500015202000180020225000110022026400380023130000180026950503270028710000250061413220260407155413.0260407a1986 arg spa dAR-UNSa-BCEJYS aAR-UNSa-BCEJYSbspacAR-UNSa-BCEJYS a657.47xContabilidad de Costos10aContabilidad de costospprincipios y esquemas a950-503-022-4 a2a. ed 1aBuenos Aires :bEl Coloquioc1986 a206 p.c21 cm a1. El costo. La contabilidad de costos. Sus sistemas 2. Clasificación de los costos 3. Los elementos del costo. Derivaciones conceptuales 4. El esquema básico del costo. Sus fórmulas e informes 5. La registración de los costos 6 Concepciones y metodologías de costeo 7. La contabilidad de costos y la inflación1 aCascarini, Daniel C.